Sisters / Universal Pictures presents ; a Little ... Read More
Available copies
- 1 of 1 copy available at LARL/NWRL Consortium. (Show)
- 0 of 0 copies available at Lake Agassiz Regional Library.
Current holds
0 current holds with 1 total copy.
Show Only Available Copies
| Location | Call Number / Copy Notes | Barcode | Shelving Location | Status | Due Date |
|---|---|---|---|---|---|
Record details
- Physical Description: 1 videodisc (123 min.) : sound, color ; 4 3/4 in.
- Edition: Theatrical and unrated versions.
- Publisher: Universal City, CA : Universal, [2016]
Content descriptions
| General Note: | Title from container. DVD release of the 2015 motion picture. Anamorphic widescreen (2.40:1). Bonus features: Deleted scenes ; gag reel ; feature commentary with Tina Fey, Amy Poehler, director ... Read More |
| Creation/Production Credits Note: | Director of photography, Barry Peterson ; editor, ... Read More |
| Participant or Performer Note: | Tina Fey, Amy Poehler, Maya Rudolph, Ike ... Read More |
| Summary, etc.: | The story of two disconnected sisters summoned ... Read More |
| Target Audience Note: | MPAA rating: Not rated ; and MPAA rating: R; for ... Read More |
| System Details Note: | DVD ; anamorphic widescreen (2.40:1) presentation ... Read More |
| Language Note: | In English, dubbed Spanish or dubbed French, with ... Read More Closed-captioned. Optional descriptive audio in English for the ... Read More |
Search for related items by subject
| Subject: | Sisters > Drama. Parties > Drama. Class reunions > Drama. |
| Genre: | Feature films. Comedy films. Fiction films. Video recordings for the hearing impaired. Video recordings for people with visual disabilities. |
| LDR | 03965cgm a2200769Ii 4500 | ||
|---|---|---|---|
| 001 | 201752 | ||
| 003 | LARL_NWRL_CONSORTIUM | ||
| 005 | 20160316133205.0 | ||
| 008 | 160229p20162015cau123 vleng d | ||
| 007 | vd cvaizq | ||
| 024 | 1 | . | ‡a025192267284 |
| 028 | 4 | 2. | ‡a61165824 ‡bUniversal |
| 035 | . | ‡a(OCoLC)941834633 | |
| 041 | 1 | . | ‡aeng ‡afre ‡aspa ‡jeng ‡jfre ‡jspa ‡heng |
| 082 | 0 | 4. | ‡a791.43/72 ‡223 |
| 245 | 0 | 0. | ‡aSisters / ‡cUniversal Pictures presents ; a Little Stranger/Everyman Pictures production ; produced by Tina Fey, Jay Roach, John Lyons ; written by Paula Pell ; directed by Jason Moore. |
| 250 | . | ‡aTheatrical and unrated versions. | |
| 264 | 1. | ‡aUniversal City, CA : ‡bUniversal, ‡c[2016] | |
| 300 | . | ‡a1 videodisc (123 min.) : ‡bsound, color ; ‡c4 3/4 in. | |
| 336 | . | ‡atwo-dimensional moving image ‡btdi ‡2rdacontent | |
| 337 | . | ‡avideo ‡bv ‡2rdamedia | |
| 338 | . | ‡avideodisc ‡bvd ‡2rdacarrier | |
| 340 | . | ‡aDVD video ‡b4 3/4 in. ‡2rda | |
| 344 | . | ‡adigital ‡boptical ‡g5.1 surround ‡g2.0 stereo surround ‡hDolby digital ‡2rda | |
| 345 | . | ‡aanamorphic widescreen (2.40:1) ‡2rda | |
| 346 | . | ‡aDVD-video ‡bNTSC ‡2rda | |
| 347 | . | ‡avideo file ‡bDVD video ‡eregion 1 ‡2rda | |
| 380 | . | ‡aMotion picture. | |
| 538 | . | ‡aDVD ; anamorphic widescreen (2.40:1) presentation ; Dolby digital 5.1 surround (English, Spanish and French) and 2.0 stereo surround (English DVS). | |
| 546 | . | ‡aIn English, dubbed Spanish or dubbed French, with optional subtitles in English, Spanish or French. | |
| 546 | . | ‡aClosed-captioned. | |
| 546 | . | ‡aOptional descriptive audio in English for the visually impaired. | |
| 500 | . | ‡aTitle from container. | |
| 511 | 1 | . | ‡aTina Fey, Amy Poehler, Maya Rudolph, Ike Barinholtz, John Leguizamo, John Cena, James Brolin. |
| 508 | . | ‡aDirector of photography, Barry Peterson ; editor, Lee Haxall ; music, Christophe Beck. | |
| 500 | . | ‡aDVD release of the 2015 motion picture. | |
| 500 | . | ‡aAnamorphic widescreen (2.40:1). | |
| 521 | 8 | . | ‡aMPAA rating: Not rated ; and MPAA rating: R; for crude sexual content and language throughout, and for drug use. |
| 520 | . | ‡aThe story of two disconnected sisters summoned home to clean out their childhood bedroom before their parents sell the family house. Looking to recapture their glory days, they throw one final high-school-style party for their classmates, which turns into the cathartic rager that a bunch of ground-down adults really need. | |
| 500 | . | ‡aBonus features: Deleted scenes ; gag reel ; feature commentary with Tina Fey, Amy Poehler, director Jason Moore and writer Paula Pell ; extended scenes ; the Improvorama. | |
| 650 | 0. | ‡aSisters ‡vDrama. ‡0(LARL_NWRL_CONSORTIUM)167418 | |
| 650 | 0. | ‡aParties ‡vDrama. | |
| 650 | 0. | ‡aClass reunions ‡vDrama. | |
| 655 | 7. | ‡aFeature films. ‡2lcgft ‡0(LARL_NWRL_CONSORTIUM)175625 | |
| 655 | 7. | ‡aComedy films. ‡2lcgft ‡0(LARL_NWRL_CONSORTIUM)175650 | |
| 655 | 7. | ‡aFiction films. ‡2lcgft ‡0(LARL_NWRL_CONSORTIUM)175626 | |
| 655 | 7. | ‡aVideo recordings for the hearing impaired. ‡2lcgft ‡0(LARL_NWRL_CONSORTIUM)175744 | |
| 655 | 7. | ‡aVideo recordings for people with visual disabilities. ‡2lcgft ‡0(LARL_NWRL_CONSORTIUM)175745 | |
| 700 | 1 | . | ‡aMoore, Jason, ‡d1970- ‡efilm director. |
| 700 | 1 | . | ‡aPell, Paula, ‡d1963- ‡escreenwriter. |
| 700 | 1 | . | ‡aFey, Tina, ‡d1970- ‡efilm producer, ‡eactor. ‡0(LARL_NWRL_CONSORTIUM)209018 |
| 700 | 1 | . | ‡aPoehler, Amy, ‡d1971- ‡eactor. ‡0(LARL_NWRL_CONSORTIUM)209020 |
| 700 | 1 | . | ‡aRudolph, Maya, ‡eactor. ‡0(LARL_NWRL_CONSORTIUM)208093 |
| 700 | 1 | . | ‡aBarinholtz, Ike, ‡d1977- ‡eactor. |
| 700 | 1 | . | ‡aLeguizamo, John, ‡eactor. ‡0(LARL_NWRL_CONSORTIUM)110457 |
| 700 | 1 | . | ‡aCena, John, ‡eactor. ‡0(LARL_NWRL_CONSORTIUM)194570 |
| 700 | 1 | . | ‡aBrolin, James, ‡d1940- ‡eactor. ‡0(LARL_NWRL_CONSORTIUM)142191 |
| 901 | . | ‡a201752 ‡bOCoLC ‡c201752 ‡tbiblio ‡soclc | |

Add to basket
Permalink
Disable Highlighting